[Event "FRA-ch Prelim Gr-B"]
[Site "Besancon"]
[Date "1999.08.16"]
[Round "1"]
[White "Vaisser, Anatoli"]
[Black "Bauer, Christian"]
[Result "0-1"]
[WhiteElo "2564"]
[BlackElo "2480"]
[Annotator "Oratovsky,M"]
[PlyCount "108"]
[EventDate "1999.08.16"]
[EventType "tourn"]
[EventRounds "7"]
[EventCountry "FRA"]
[EventCategory "10"]
[SourceTitle "CBM 073"]
[Source "ChessBase"]
[SourceDate "1999.12.01"]
[SourceVersion "1"]
[SourceVersionDate "1999.12.01"]
[SourceQuality "1"]

1. e4 d6 2. d4 Nf6 3. Nc3 Nbd7 4. g4 h6 5. Nf3 $5 (5. h3 e5 6. Bg2 (6. Nge2 b5
$5 7. a3 Bb7 8. Bg2 a6 9. O-O Be7 ({too dangerous for black is} 9... g6 $6 {
[%cal Gf8g7]} 10. f4 exd4 11. Nxd4 Bg7 12. e5 $1 Bxg2 13. Kxg2 dxe5 14. Nc6 Qc8
15. fxe5 Nh7 16. Qd5 $18) 10. Ng3 O-O 11. Nf5 $14 {Magem Badals,J-Bauer,C/
EU-ch Rapid-30' 1996/1-0 (65)}) 6... exd4 (6... c6 7. Nge2 b5 8. Ng3 g6 9. Be3
Bb7 10. O-O h5 11. g5 Nh7 12. h4 f6 $132 {Ivanov,A-Kacheishvili,G/29th
National CC 1998 0-1 (35)}) 7. Qxd4 c6 8. Be3 Qb6 9. O-O-O Qxd4 10. Rxd4 Be7
11. Nge2 O-O 12. Ng3 $14 {and whites chanses are clear better Gallego,R-Maje,A/
Elista olm 1998 (42)}) (5. g5 hxg5 6. Bxg5 c5 (6... e5 $5 {[%cal Gf8e7]}) 7. d5
Qa5 8. Bd2 a6 9. f4 Qc7 10. a4 Nh5 11. Qf3 g6 12. Nh3 Ndf6 13. Ng5 Bg7 14. Rg1
Bd7 15. Qg2 Rf8 16. Bc4 O-O-O $13 {Santo Roman,M-Grimberg,G/FRA-ch 1995/1-0 
(40)}) (5. Be3 e5 6. f3 (6. h3 c6 7. a4 Be7 8. Nge2 Nf8 ({deserved attention
more active} 8... d5 $5 9. exd5 cxd5 10. dxe5 Nxe5 11. Bg2 Nc4 $132) 9. f4 Ne6
10. f5 Ng5 11. Bg2 $14 {with visible space advantage Kasimdzhanov,R-Petrov,J/
WchJM-U20 1995 1-0 (36)}) 6... Be7 7. Qd2 c6 8. Nge2 Qc7 9. O-O-O b5 10. Re1 b4
11. Nd1 c5 12. d5 a5 {[%cal Gc5c4]} 13. c4 Nb6 14. Ng3 Ba6 15. b3 a4 $132 {
Hamdouchi,H-Campora,D/Cat II 1999/1/2-1/2 (46)}) 5... e5 ({Too dangerous for
black is} 5... Nxg4 6. h3 Ngf6 7. e5 Nh7 8. e6 fxe6 9. Bd3 $40 Kf7 $8 (9...
Ndf6 10. Bg6+ Kd7 11. Ne5+ $18) 10. Nh4 {[%cal Gh4g6,Yd3g6]} Nhf6 11. Ng6 Rg8
12. Rg1 $16 {[%csl Rf7][%cal Gg6e5]}) 6. g5 hxg5 7. Nxg5 {[%csl Rf7][%cal
Gf1c4]} exd4 8. Qxd4 c6 9. Bf4 (9. Bc4 Ne5 10. Bb3 Nh7 $19 {[%csl Rf3]}) 9...
Ng4 10. Be2 (10. O-O-O Qb6 11. Qxb6 (11. Bc4 Nde5 12. f3 Qxd4 13. Rxd4 Nxc4 14.
Rxc4 Ne5 $17 {[%cal Gf7f6]}) 11... axb6 12. Rd2 Nde5 13. f3 f6 $15) 10... Qb6
11. Rd1 Qxd4 12. Rxd4 Nde5 $11 {[%csl Rc3,Gc6][%cal Gc6b5,Gc6d5] after queens
exchange black can be satisfied with the opening results.} 13. Bg3 f6 14. Nf3
Be6 15. O-O g5 $1 $15 {[%csl Ge5]} 16. Rfd1 Nxf3+ 17. Bxf3 Ne5 18. Be2 Be7 19.
a4 a5 20. b4 $6 {Too optimistic,it was not necessary to make another weaknesses
} ({Deserved attention} 20. Re1 {[%cal Gc3d1,Gd1e3] with idea to transfer the
Nc3 on e3 with defendible position.}) 20... axb4 21. Rxb4 Bc8 22. Rbd4 Ra5 {
[%csl Rc2,Rc3][%cal Ga5c5,Gc5c2]} 23. Nb1 Rc5 $5 (23... Kd8 24. Nd2 $132 {
[%cal Gd2b3,Yc2c4,Yc4c5]}) 24. c4 Ra5 25. Nc3 {Blacks plan is very simple:1)To
transfer the king on c7 to protect pawn b7 2)To attack pawn c4 after Be6 and
c5.} Kd8 $1 26. f3 Kc7 27. Be1 Ra8 28. a5 Be6 29. Na4 $2 (29. Rb1 Ra7 $15 {
[%csl Ra5,Rc4][%cal Gh8a8]}) 29... c5 $17 30. R4d2 Bxc4 31. Nb6 (31. Bxc4 Nxc4
32. Ra2 Nxa5 33. Nc3 (33. Nxc5 dxc5 34. Rxa5 Rxa5 35. Bxa5+ Kc6 $19 {[%cal
Gb7b5,Gc5c4]}) 33... Kc6 34. Nd5 Bd8 35. Rda1 b6 $17) 31... Bxe2 32. Nxa8+ Rxa8
33. Rxe2 Nxf3+ 34. Kg2 Nxe1+ 35. Rexe1 Rxa5 $19 {Rest of the game is easy job
for black.} 36. Ra1 Rb5 37. Reb1 Rxb1 38. Rxb1 Kc6 {[%cal Gb7b5,Gc5c4]} 39. Kf3
c4 40. Ke3 b5 41. Rf1 Bd8 42. Kd4 Bb6+ 43. Kc3 Ba5+ 44. Kc2 b4 45. Rxf6 b3+ 46.
Kb2 Kc5 {[%cal Ga5d2,Yc5b4,Yc4c3]} 47. Ka3 (47. Rf5+ Kb4 48. Rxg5 c3+ 49. Kb1
Bb6 50. Rg3 Bd4 51. h4 c2+ 52. Kc1 Ka3 $19 {[%cal Ga3a2]}) 47... Bd2 48. Rf5+
Kd4 49. Rd5+ Kc3 50. Rxd6 Bc1+ 51. Ka4 b2 52. Rb6 Be3 53. Rb5 Bc5 $1 54. e5 Be7
{[%cal Gc3c2]} 0-1

[Event "ARM-ch"]
[Site "Yerevan"]
[Date "1999.10.22"]
[Round "7"]
[White "Matikozian, Andranik"]
[Black "Minasian, Artashes"]
[Result "0-1"]
[WhiteElo "2427"]
[BlackElo "2600"]
[Annotator "Oratovsky,M"]
[PlyCount "106"]
[EventDate "1999.10.16"]
[EventType "tourn"]
[EventRounds "11"]
[EventCountry "ARM"]
[EventCategory "10"]
[SourceTitle "CBM 074"]
[Source "ChessBase"]
[SourceDate "2000.02.01"]
[SourceVersion "1"]
[SourceVersionDate "2000.02.01"]
[SourceQuality "1"]

1. e4 d6 2. d4 Nf6 3. Nc3 c6 4. Be3 g6 (4... e5 5. dxe5 dxe5 6. Qxd8+ Kxd8 7.
Bc4 Ke8 8. O-O-O (8. Nf3 $5 {[%cal Gf3g5,Gf3e5]}) 8... Nbd7 9. f3 Bc5 $11 {
Baciu Ionescu,O-Brandis,I/Bucharest-W 1993 (16)}) (4... Qa5 5. Qd2 Nbd7 6. f3
e5 7. Nge2 b5 8. Ng3 a6 $13 {Eriksson,A-Ratcu,T/WchJW-U14 1993 (24)}) ({
in my opinion the most flexible continuation in this position is} 4... Nbd7 5.
f3 e5 6. Qd2 b5 7. g4 h6 8. Nge2 b4 9. Nd1 d5 $1 $15) 5. Qd2 Bg7 {white
prepares to change the darksquare bishop after Bh6,so for what to lose a tempo?
} (5... Nbd7 $5 {[%cal Ge7e5,Gb7b5]}) 6. Bh6 O-O ({deserved attention} 6...
Bxh6 7. Qxh6 e5 8. O-O-O (8. Nf3 $142) 8... Qe7 9. h3 Nbd7 10. Nf3 b5 11. Bd3
a6 12. Rhe1 Bb7 $15 {[%csl Rc3,Rd3][%cal Ge8c8] Odeev,H-Vorotnikov,V/RUS-Cup2
1996 (33)}) 7. f3 b5 8. O-O-O Qa5 $6 9. Kb1 b4 10. Nce2 Nbd7 11. h4 c5 12. h5
$40 c4 (12... Nxh5 $4 13. Rxh5 gxh5 14. Qg5 $18) 13. hxg6 fxg6 14. Bxg7 Kxg7
15. c3 $6 {missing simple} (15. Qh6+ Kf7 (15... Kg8 16. Nf4 $18 {[%cal Rf1c4,
Rf4g6]} Ba6 17. Nxg6) 16. Nh3 c3 17. Ng5+ Ke8 18. Nxh7 $40) 15... Rb8 16. Rc1
Ba6 17. Nh3 {it's better than} (17. Nf4 Kg8 18. cxb4 Qxb4 19. Qxb4 Rxb4 20.
Nge2 Rfb8 $132) 17... Rb6 18. cxb4 Rxb4 19. Nc3 (19. Nhf4 Rxb2+ $1 20. Qxb2 Rb8
$15) 19... Rfb8 20. Rc2 e5 (20... Nb6 21. Ng5 Na4 22. Nxa4 Qxa4 23. e5 $16) 21.
Ng5 Nf8 22. f4 Nh5 $6 23. f5 Nf6 24. d5 R4b7 25. fxg6 (25. Ne6+ Kg8 26. Be2 $16
{[%cal Gg2g5]}) 25... hxg6 26. g3 {[%cal Gd2h2,Yf1h3]} Qb6 27. Ne6+ $6 ({
After correct} 27. Qh2 $1 {white gets a winning position} Nh5 $8 28. g4 Qe3 29.
Qh4 $1 {[%csl Ge1]} Rxb2+ (29... Qxc3 30. Rxc3 Rxb2+ 31. Kc1 Rb1+ 32. Kd2 R8b2+
33. Rc2 c3+ 34. Kxc3 $18) 30. Rxb2 Rxb2+ 31. Kxb2 Qd2+ 32. Kb1 Qxc3 33. gxh5
Qb4+ 34. Kc2 Qa4+ 35. Kc1 Qa3+ 36. Kd1 $18) 27... Kg8 28. Nxf8 Rxf8 29. Bh3 $6
{another inaccurasy.After} (29. Qg5 Rg7 30. Bh3 Nh7 31. Be6+ Kh8 32. Rch2 Qd8
33. Qg4 $16 {white still has a good chances for the win.} (33. Qxg6 Rf1+ 34.
Rxf1 Rxg6 35. Rfh1 Rg7 36. Bf5 $40 {[%cal Gf5h7]})) 29... Rh7 $132 {[%cal
Gh7h1]} 30. Qg5 Kg7 31. Rch2 Rh5 32. Qd2 Rfh8 33. Qe2 Bc8 $17 {[%cal Rh3h1]}
34. Qg2 (34. Bf1 Bg4 35. Qc2 Rxh2 36. Rxh2 Rxh2 37. Qxh2 Qe3 $17) 34... Bxh3
35. Rxh3 Rxh3 36. Rxh3 Rxh3 37. Qxh3 Qg1+ 38. Kc2 Qf2+ 39. Kc1 Qe3+ 40. Kc2
Qf2+ ({Doesn't work} 40... Nxe4 41. Qd7+ Kf6 42. Qe6+ Kg5 43. Qe7+ Kg4 44. Qh4+
Kf5 (44... Kf3 45. Qh1+ $18 {[%csl Re4]}) 45. Qh3+ Kf6 46. Qe6+ $11) 41. Kc1 g5
42. Qe6 Qxg3 43. Qxd6 Qf4+ 44. Kd1 g4 45. Qe7+ Kg6 $19 {[%cal Gg4g1] black
knight on f6 is perfectly defends the king from the checks} 46. d6 g3 47. Ne2 (
{The last chance was} 47. Qxa7 g2 48. d7 Qg4+ 49. Kd2 Nxd7 50. Ne2 Nf6 51. Qb6
Qxe4 $19 {[%cal Ge4d3]}) 47... Qf1+ 48. Kd2 Nxe4+ 49. Ke3 Nf6 50. Kd2 Qf3 51.
Qe6 Qd3+ 52. Ke1 Qb1+ 53. Kd2 Qxb2+ (53... Qxb2+ 54. Ke3 Qa3+ 55. Kd2 Qxa2+ 56.
Ke3 Qb3+ $19) 0-1

[Event "GER-ch 71st"]
[Site "Altenkirchen"]
[Date "1999.11.16"]
[Round "5"]
[White "Seger, Ruediger"]
[Black "Lutz, Christopher"]
[Result "1/2-1/2"]
[WhiteElo "2412"]
[BlackElo "2591"]
[Annotator "Oratovsky,M"]
[PlyCount "94"]
[EventDate "1999.11.12"]
[EventType "swiss"]
[EventRounds "9"]
[EventCountry "GER"]
[SourceTitle "CBM 074"]
[Source "ChessBase"]
[SourceDate "2000.02.01"]
[SourceVersion "1"]
[SourceVersionDate "2000.02.01"]
[SourceQuality "1"]

1. e4 g6 2. d4 Bg7 3. Nf3 d6 4. c3 Nf6 5. Bd3 O-O 6. O-O Nc6 7. Re1 e5 (7... a6
8. h3 e5 9. Na3 h6 10. Be3 Qe7 (10... Re8 $5) 11. Nc4 Nh5 12. Bf1 $1 $14 {
[%cal Gg2g3]} Nf4 (12... exd4 13. cxd4 Qxe4 14. Bxh6 Qd5 15. Ne3 Qa5 16. Bxg7
Nxg7 17. d5 $16 {[%csl Rc6]}) 13. d5 Nb8 14. Bxf4 exf4 15. e5 $1 $16 {1-0
Oratovsky,M-Peker,O/The Israeli League 1999 (28)}) 8. h3 a6 ({in my opinion
more promising continuation is} 8... Re8 {[%cal Gd6d5]} 9. d5 (9. Nbd2 d5 $1
10. Nxe5 Nxe5 11. dxe5 Nxe4 12. Nxe4 dxe4 13. Bxe4 Qxd1 14. Rxd1 Bxe5 15. Bh6
c6 $11 16. Bc2 Bg7 17. Be3 a5 $1 (17... Be6 18. Bb3 $14 {[%csl Gd7]}) 18. a4 {
1/2-1/2 Lautier,J-Oratovsky,M/EUCup final 1999}) 9... Nb8 (9... Ne7 $5 {
[%cal Gc7c6]}) 10. c4 c5 (10... a5 $5 {[%cal Gb8a6,Ga6c5]}) 11. Nc3 Nh5 12. Bg5
Bf6 13. Be3 Na6 14. a3 Nf4 15. Bc2 Kh8 16. Rb1 g5 17. Nh2 Rg8 18. Ne2 $14 {
[%cal Ge2g3,Gg3f5] Magem Badals,J-Dorfman,J/FRA-chT 1998/1-0 (46)}) 9. dxe5 (9.
Be3 h6 10. Na3 Re8 11. Qd2 (11. d5 Ne7 12. c4 $14) 11... exd4 12. cxd4 Nxe4 13.
Bxe4 Rxe4 14. Bxh6 d5 $11 {Kuporosov,V-Ehlvest,J/Helsinki op 1992/1/2-1/2 (58)}
) 9... Nxe5 (9... dxe5) 10. Nxe5 dxe5 11. Bg5 h6 12. Be3 (12. Bh4 Qe8 {[%cal
Gf6h5,Gh5f4] and bishop on h4 is out of play.}) 12... Nh5 13. Bf1 Qf6 ({
Deserved attention} 13... Nf4 14. Kh2 Qe7 15. g3 Ne6 $132 {[%cal Gf7f5]}) 14.
g3 $14 {[%csl Rh5]} Rd8 15. Qc2 Be6 16. Nd2 a5 17. a4 Kh7 (17... Rd7 18. Nc4 b6
19. b4 $14 {and white develops initiative on queenside,while blacks
counterplay on kingside is stopped}) 18. Nc4 Qe7 19. b4 b6 (19... axb4 20. cxb4
Qxb4 21. Reb1 Qe7 22. Rxb7 $16) 20. b5 $6 ({better was} 20. bxa5 bxa5 21. Rab1
$14 {[%cal Gb1b5]}) 20... Bf6 21. Rad1 Rxd1 22. Rxd1 Bg5 23. Bxg5 (23. h4 $6
Bxc4 $17) 23... Qxg5 24. h4 Qf6 25. Qd2 Re8 26. Qd3 (26. Ne3 Bb3 27. Rb1 Rd8
28. Qb2 Be6 29. Be2 Ng7 30. Qc2 Ne8 31. Rd1 Rxd1+ 32. Qxd1 Nd6 $11) 26... Bxc4
27. Qxc4 Qe7 28. Qc6 Rd8 29. Rxd8 Qxd8 30. Bc4 Kg7 31. Bd5 Nf6 $11 {Usually
queen+knight is better pieces combination than Q+B,but in the arised endgame
it's just enough for keeping a balance.} 32. Kg2 Qd7 33. Qc4 Ne8 34. Bc6 Nd6
35. Qd3 Qe6 36. Bd5 Qe7 37. Qe2 Ne8 38. Qc4 Nf6 (38... Nd6 39. Qc6 {[%cal
Gc3c4,Gc4c5]}) 39. Qb3 h5 40. f3 Qd7 41. Qc4 Qe7 42. Kf1 Ne8 43. Kg2 Nd6 44.
Qe2 (44. Qc6 g5 $1 $132 45. hxg5 Qxg5 46. Qxc7 h4 47. Qxd6 Qxg3+ 48. Kf1 h3 $1
$36 (48... Qxf3+ $11)) 44... Ne8 (44... g5 $5 $36) 45. Qa2 Nf6 (45... Qc5 $5
46. Bxf7 Nd6 47. Bb3 Qxc3 48. Qc2 Qxc2+ 49. Bxc2 Kf6 {[%cal Gg6g5]} 50. f4 Nb7
51. Kf3 Nc5 52. Ke3 Ne6 53. Bb3 Nd4 54. Bd5 $11) 46. Qc4 Qd7 47. Kf2 Qe7
1/2-1/2

[Event "Petermaennchen GM"]
[Site "Schwerin"]
[Date "1999.08.10"]
[Round "3"]
[White "Bischoff, Klaus"]
[Black "Kalinin, Oleg"]
[Result "1-0"]
[WhiteElo "2509"]
[BlackElo "2432"]
[Annotator "Oratovsky,M"]
[PlyCount "73"]
[EventDate "1999.08.09"]
[EventType "tourn"]
[EventRounds "9"]
[EventCountry "GER"]
[EventCategory "10"]
[SourceTitle "CBM 073"]
[Source "ChessBase"]
[SourceDate "1999.12.01"]
[SourceVersion "1"]
[SourceVersionDate "1999.12.01"]
[SourceQuality "1"]

1. d4 d6 2. e4 Nf6 3. Nc3 e5 4. Nf3 Nbd7 5. g3 (5. Bc4 $5) 5... g6 6. Bg2 Bg7
7. O-O O-O 8. Re1 c6 9. a4 Qc7 (9... a5 $5) 10. b3 (10. h3 b6 $5 {preparing
counterplay on queenside} (10... Re8 11. a5 (11. Be3 b6 12. Qd2 Bb7 13. Bh6 Bh8
14. Rad1 a6 {1/2-1/2 Malaniuk,V-Antonio,R/Erevan olm 1996}) 11... Nf8 12. Be3
Bd7 13. dxe5 dxe5 14. Nd2 Be6 15. Qe2 N6d7 16. b4 f5 17. Nf3 Kh8 18. exf5 gxf5
19. Rad1 Ng6 20. Qd2 $13 {[%cal Ge3h6] Ulko,J-Riazantsev,A/Moscow op2 1995 (36)
}) 11. Be3 Bb7 12. Qd2 a6 13. dxe5 dxe5 14. Qe2 b5 15. Nd2 Rfe8 $11 {[%cal
Gg7f8] Martinovsky,E-Gallagher,J/Geneve op 1995/0-1 (58)}) 10... Re8 ({Other
possibility was} 10... exd4 11. Nxd4 a5 (11... Re8 12. Ba3 Nc5 13. Qd2 (13. f4
a5 {/\Qb6} 14. e5 dxe5 15. Bxc5 exd4 16. Rxe8+ Nxe8 17. Bxd4 Bxd4+ 18. Qxd4 Bf5
$10) 13... Bd7 14. Rad1 Rad8 $13 {[%cal Yd7c8] Sosonko,G-Van Wely,L/NLD-ch
1998/0-1 (52) /\Bg4-f3 Bc8}) 12. Bb2 Nc5 13. Qd2 Bd7 14. Rad1 Rad8 {1/2-1/2
Eslon,J-Arizmendi Martinez,J/Alicante op 1997}) (10... Rd8 11. Ba3 Nf8 $5) 11.
Ba3 Bf8 {Looks too passive.I prefere king's indian setup with capturing on d4}
(11... exd4 12. Nxd4 Nc5 13. f4 Bg4 14. Qd2 Rad8 15. h3 Bc8 16. Rad1 h5 $13)
12. d5 $5 {[%cal Gf3d2,Gd2c4]} ({After} 12. Qd2 {move d5 can be not so strong,
because queen takes square d2,important for the manuevre Nf3-d2-c4}) 12... cxd5
13. Nxd5 Nxd5 14. Qxd5 Nc5 {[%cal Gc8d7,Gd7c6,Gc8e6]} (14... Nf6 15. Qd3 Be6
16. c4 $16 {[%csl Gd5,Rd6]}) 15. Qd1 b6 16. Nd2 Bb7 17. c4 $14 {[%csl Gd5]
[%cal Gd2b1,Gb1c3]} f5 (17... Bh6 18. Nb1 $1 $16 {[%cal Gb1c3,Yc3b5,Yc3d5]})
18. exf5 Bxg2 19. Kxg2 gxf5 20. Nf1 ({Nothing promises to white} 20. Qh5 Qf7
21. Qxf7+ Kxf7 $13 {[%csl Rb3][%cal Ge5e4,Gc5d3] with comfortable endgame for
black}) 20... Qc6+ 21. Kg1 Bg7 22. Ne3 Rf8 {[%cal Ge5e4]} ({Doesn't work} 22...
e4 $2 {[%cal Gc5d3]} 23. Nxf5 Bxa1 24. Qxa1 Re5 (24... Qd7 25. Nh6+ Kf8 26.
Qf6+ {with mate}) 25. Qxe5 dxe5 26. Ne7+ $18) 23. Bxc5 $5 dxc5 24. Qd5+ Qxd5
25. Nxd5 $14 {[%csl Gd5]} e4 {Looks very natural,but gives to white clear
object for the attack-pawns pair f5-e4.More accurate was} (25... Kf7 26. Ra2
Rad8 27. f3 $14 {[%cal Gg3g4,Ga4a5]}) 26. Ra2 Rab8 (26... Bd4 27. Kg2 $14 {
[%cal Gf2f3]}) 27. Kg2 Rf7 28. f3 $16 exf3+ {better was to change pair of
rooks after} (28... Re8 29. Rae2 (29. fxe4 fxe4 {[%csl Rb3][%cal Gf7f3]}) 29...
exf3+ 30. Kxf3 Rxe2 31. Rxe2 $16) 29. Kxf3 Bf8 30. Re6 Kg7 31. Rae2 Rd8 32. Re8
Rd6 (32... Rxe8 $142 33. Rxe8 Bd6 {with defendible position} 34. Re6 Bb8 {
[%csl Ge4,Gf4,Gg4][%cal Gf5e4,Gf5g4,Gb8f4]}) 33. R2e6 Rdd7 {now it's too late..
.} (33... Rxe6 34. Rxe6 $22 {[%csl Rf5,Rf8,Rg7][%cal Gf3f4]}) 34. Nf4 $40 {
[%cal Gf4h5]} Rd1 (34... Rfe7 35. R8xe7+ Bxe7 36. Nd5 Bd6 (36... Bd8 37. Kf4
$16) 37. Ne3 (37. Rf6 Bxg3 $1 $15) 37... Kf7 38. Rh6 $18 {[%csl Rf5,Rh7]}) 35.
Rc6 $1 $18 {[%csl Rf8][%cal Gf4e6,Gc6c8]} Bd6 (35... Be7 36. Nh5# $1) 36. Ne6+
Kf6 37. Ke2 1-0

[Event "EU-Cup 15th Gr6"]
[Site "Budapest"]
[Date "1999.10.13"]
[Round "3"]
[White "Wells, Peter K"]
[Black "Oratovsky, Michael"]
[Result "1/2-1/2"]
[WhiteElo "2476"]
[BlackElo "2481"]
[Annotator "Oratovsky,M"]
[PlyCount "76"]
[EventDate "1999.10.11"]
[EventType "team-k.o."]
[EventRounds "3"]
[EventCountry "HUN"]
[SourceTitle "EXT 2020"]
[Source "ChessBase"]
[SourceDate "2019.10.17"]
[SourceVersion "1"]
[SourceVersionDate "2019.10.17"]
[SourceQuality "1"]
[WhiteTeam "Budapest Honved"]
[BlackTeam "Petah-Tikva Elitzur"]
[WhiteTeamCountry "HUN"]
[BlackTeamCountry "ISR"]

1. d4 d6 2. e4 Nf6 3. Nc3 Nbd7 4. f4 e5 5. Nf3 exd4 6. Qxd4 c6 7. Be3 d5 (7...
Be7 8. Qd2 O-O 9. Bd3 Re8 10. O-O-O Qa5 11. Kb1 Bf8 12. Rhe1 $16) 8. e5 ({
In my opinion more dangerous for black is} 8. exd5 Bc5 9. Qd3 Qe7 10. Nd4 $1 {
[%cal Gd4f5]} (10. Kd2 $5 Bb4 11. dxc6 Bxc3+ 12. bxc3 bxc6 (12... Ne4+ $5) 13.
Re1 O-O (13... Ne4+ $5 14. Kd1 Ndf6 $44) 14. Bd4 Qa3 15. c4 Qa5+ 16. Qc3 Qf5
17. g3 $1 c5 (17... Ne4+ 18. Rxe4 Qxe4 19. Bd3 Qe7 20. Re1 Qd6 21. Bxg7 Rd8 22.
Ng5 $18) 18. Bxf6 Nxf6 19. Bd3 $16 {Timoshenko,G-Oratovsky,M/Cappelle la
Grande FRA 1999 1-0 (42)}) 10... Nxd5 (10... Nb6 11. dxc6 O-O (11... Ng4 $2 12.
cxb7 Bxb7 13. Nf5 $18) (11... bxc6 $5 {[%cal Gc8a6]}) 12. O-O-O bxc6 13. Bg1
$16 (13. Bg1 Qc7 14. g3 Rd8 $2 15. Ndb5 $18 {1-0 Polgar,J-Rivas Pastor,M/Dos
Hermanas 1993})) 11. Nxd5 cxd5 12. Nf5 Qf6 13. O-O-O (13. Bxc5 $6 Nxc5 14. Qb5+
Nd7 15. Bd3 O-O $13) 13... O-O 14. g3 $14 {[%csl Rd5]}) (8. O-O-O Bc5 9. Qd3
Qe7 10. e5 Ng4 11. Bxc5 (11. Bd4 Nf2 12. Bxf2 Bxf2 $132 {^^}) 11... Nxc5 12.
Qd2 h5 $13) 8... Ng4 9. Bg1 Qb6 $146 (9... Bc5 10. Qd2 Bxg1 11. Rxg1 Qb6 12.
O-O-O (12. h3 $6 Nh2 13. Nd4 Nxf1 14. Rxf1 Qxb2 $13 {Palkovi,J-Miltner,A/BL2S
1992 (28)}) (12. Na4 $5 Qe3+ 13. Qxe3 Nxe3 14. Bd3 Nb6 15. Nxb6 axb6 16. Ke2
Nf5 17. g4 $14) 12... Nxh2 13. Nd4 (13. Na4 $6 Nxf1 14. Nxb6 Nxd2 15. Nxa8 Nxf3
16. gxf3 g6 $15 {[%csl Ra8]}) (13. Be2 Nxf3 14. Bxf3 $44) 13... Nxf1 14. Rdxf1
O-O 15. g4 $13 {Palac,M-Schmidt,S/Munich 1991 1-0 (31)}) (9... Nh6 $1 10. O-O-O
Nf5 (10... Qa5 $5 11. Kb1 Nf5 12. Qd3 Nc5 13. Bxc5 Bxc5 $15 {[%cal Gf5e3]
Lobzhanidze,D-Summerscale,A/Koop Tjuchem (open), Groningen NED 1996 (37)}) 11.
Qd3 (11. Qd2 h5 $132 {[%cal Gf8b4,Gd8a5,Yd7c5]}) 11... Nc5 12. Qd2 h5 13. g3
Be6 14. Kb1 Be7 15. Nd4 Qc7 $11 {Devcic,I-Petrov,J/Open, Zagreb CRO 1998 0-1 
(55)}) 10. Qxb6 (10. O-O-O $5 Bc5 11. Qd2 Be3 12. Bxe3 Qxe3 13. h3 Qxd2+ 14.
Rxd2 Ne3 15. Bd3 Nc5 16. Re1 Nf5 17. g4 $14) 10... axb6 $132 {[%cal Ga8a1]} 11.
h3 Nh6 12. g4 Bb4 {[%cal Gd7c5]} 13. Bd4 $1 Nc5 $8 (13... c5 $2 14. Kf2 $1 Bxc3
(14... cxd4 15. Nxd5 {[%cal Gd5b4,Gd5c7]} Ra4 16. b3 $18) 15. Bxc3 $16 {
[%csl Rh6] ^^}) 14. Bg2 (14. O-O-O $5 Bxc3 (14... Ne6 15. Be3 {[%csl Rh6][%cal
Gf4f5,Gf5f6]} Bc5 (15... Bxc3 16. bxc3 Rxa2 17. f5 Nc5) 16. Bd2 $1 $14) 15.
bxc3 Rxa2 16. c4 dxc4 17. Bxc4 Ra4 18. Bb3 Nxb3+ 19. cxb3 Rb4 20. e6 $1 f6 21.
f5 Rxb3 22. Nd2 $44) 14... Na4 $1 {[%csl Rb2]} (14... Ne4 15. Nd2 Nxd2 16. Kxd2
$14 {[%cal Gf4f5]}) 15. O-O Bxc3 (15... Nxb2 $2 16. Nxd5 cxd5 17. Bxb2 $16) 16.
bxc3 (16. Bxc3 Nxc3 17. bxc3 Ra3 18. c4 dxc4 19. f5 $13 {[%csl Rh6]}) 16... c5
17. Be3 Nxc3 18. f5 Ng8 $1 19. e6 $6 (19. Ng5 $1 {[%cal Ge5e6,Re3d2]} h6 20.
Bd2 Ra3 21. Rf3 d4 (21... Nb5 22. Rb1 hxg5 23. Rxb5 Rxa2 24. Rxb6 Rxc2 25. Bxg5
$14) 22. Bxc3 hxg5 23. Bd2 Rxf3 24. Bxf3 $14 {[%csl Rb6,Rg5][%cal Ga1b1] ^^})
19... fxe6 20. fxe6 Nf6 $17 (20... Bxe6 21. Ng5 Kd7 22. Rae1 (22. Nf7 Bxf7 23.
Rxf7+ Kc6 24. Bd2 (24. Rxg7 Re8 25. Bd2 Ne2+ (25... Ne4 26. c4 $1 $44) 26. Kf2
Nf6 {[%cal Gh8f8]} 27. Rf7 Ne4+ 28. Bxe4 Rxe4 $15) 24... Ne4 25. c4 Ngf6 26.
cxd5+ Kxd5 27. Bh6 $1 $40 {[%csl Rd5]}) 22... Re8 23. Bd2 Ne4 24. Nxe4 dxe4 25.
Bxe4 Nf6 26. Bxb7 Bc4 $15) 21. Ng5 Rf8 22. Rae1 Rxa2 (22... Ke7 $5) 23. e7 Rh8
24. Bd2 Rxc2 25. Bxc3 Rxc3 26. Bxd5 Nxd5 27. Nf7 Re3 $2 $138 (27... Ne3 $19 28.
Rf3 (28. Nxh8 Nxf1 29. Nf7 Ne3 $19) 28... Rg8 29. Nd6+ Kxe7) 28. Nxh8 Rxe1 29.
Rxe1 Nxe7 $17 30. Rb1 Nd5 (30... Nc6 31. Rxb6 Kf8 32. Rb1 Kg8 33. Re1 Bd7 34.
Rb1 $8 (34. Ra1 g5 35. Ra8+ Kg7 $19 {[%csl Rh8][%cal Gd7e6,Ge6g8]}) 34... Kxh8
35. Rxb7 Be8 36. Rb5 c4 37. Rc5 $11) 31. Re1+ Ne7 (31... Kd7 32. Nf7 Kc6) 32.
Rb1 c4 $6 33. Rb4 $1 Be6 34. Rxb6 Bd5 35. Kf2 Nc8 $6 (35... Bc6 $5 $15 {
[%cal Ge7d5]}) 36. Rb5 Bc6 37. Re5+ Kd7 38. Nf7 b5 $11 1/2-1/2